Vznášanie sa dronu na mieste v interiéri

Uložené v:
Podrobná bibliografia
Hlavný autor: Varga, Zoltán (Autor)
Ďalší autori: Ťapák, Peter (Vedúci práce)
Médium: Rukopis Kniha
Jazyk:Slovak
Vydavateľské údaje: Bratislava : STU v Bratislave FEI, 2021
Predmet:
On-line prístup:https://opac.crzp.sk/?fn=detailBiblioForm&sid=38F43C5054BC4F7F29BEC2F31F28&seo=CRZP-detail-kniha
Tagy: Pridať tag
Žiadne tagy, Buďte prvý, kto otaguje tento záznam!

MARC

LEADER 00000ntm a22000003a 4500
001 stuzp82611
003 SK-STU
005 20210803113938.6
007 ta
008 150427s2015----xo-----f-mn---000-0-slo-d
040 |a STU  |b slo 
041 0 |a slo 
044 |a xo 
100 1 |a Varga, Zoltán  |u 030400  |4 aut  |U FEI Fakulta elektrotechniky a informatiky  |U FEI Fakulta elektrotechniky a informatiky  |T FEI Ústav automobilovej mechatroniky  |X 92462  |U E400  |Y 642  |7 92462 
242 0 1 |a Indoor drone hovering  |y eng 
245 1 0 |a Vznášanie sa dronu na mieste v interiéri 
260 |a Bratislava : 
260 |b STU v Bratislave FEI, 
260 |c 2021 
300 |a 28 s. 
650 4 |a dron  |2 slo 
650 4 |a kvadrokoptéra  |2 slo 
650 4 |a Marvelmind  |2 slo 
650 4 |a Arduino Due  |2 slo 
650 4 |a PID regulátor  |2 slo 
650 4 |a drone  |2 eng 
650 4 |a quadcopter  |2 eng 
650 4 |a Marvelmind  |2 eng 
650 4 |a Arduino Due  |2 eng 
650 4 |a PID Controller  |2 eng 
700 1 |a Ťapák, Peter  |u 030400  |k Z1  |4 ths  |U FEI Fakulta elektrotechniky a informatiky  |U FEI Fakulta elektrotechniky a informatiky  |T FEI Ústav automobilovej mechatroniky  |X 3715  |U E400  |Y 642  |7 A000003715 
856 4 |u https://opac.crzp.sk/?fn=detailBiblioForm&sid=38F43C5054BC4F7F29BEC2F31F28&seo=CRZP-detail-kniha